Štandardy poskytovaných sociálnych služieb sa líšia v jednotlivých krajoch o desiatky tisíc korún
Stratégia decentralizácie a reformy verejnej správy. Deetatizácia sociálnych služieb. Rozdeľovanie finančných tokov, presun financovania zo štátneho rozpočtu na rozpočty krajských a okresných úradov. Zariadenia sociálnych služieb. Spôsoby financovania sociálnych služieb. Štandardy prevádzkových nákl...
Enregistré dans:
| Auteur principal: | |
|---|---|
| Format: | Chapitre de livre |
| Langue: | slovaque |
| Sujets: | |
| Tags: |
Pas de tags, Soyez le premier à ajouter un tag!
|
MARC
| LEADER | 00000naa a2200000 4500 | ||
|---|---|---|---|
| 001 | r036178 | ||
| 005 | 20230921103647.3 | ||
| 041 | 0 | |a slo | |
| 044 | |a SK | ||
| 245 | 1 | 0 | |a Štandardy poskytovaných sociálnych služieb sa líšia v jednotlivých krajoch o desiatky tisíc korún |c Eva Reiselová |
| 520 | |a Stratégia decentralizácie a reformy verejnej správy. Deetatizácia sociálnych služieb. Rozdeľovanie finančných tokov, presun financovania zo štátneho rozpočtu na rozpočty krajských a okresných úradov. Zariadenia sociálnych služieb. Spôsoby financovania sociálnych služieb. Štandardy prevádzkových nákladov. Potreba zriadenia podporného fondu na financovanie sociálnych služieb. | ||
| 610 | 2 | 0 | |a služby sociálne |
| 610 | 2 | 0 | |a správa verejná |
| 610 | 2 | 0 | |a reformy |
| 610 | 2 | 0 | |a decentralizácia |
| 610 | 2 | 0 | |a deetatizácia |
| 610 | 2 | 0 | |a rozpočet štátny |
| 610 | 2 | 0 | |a rozpočet miestny |
| 610 | 2 | 0 | |a financovanie |
| 610 | 2 | 0 | |a štandardy |
| 610 | 2 | 0 | |a Slovensko |
| 100 | 1 | |a Reiselová, Eva | |